00480nam a2200121Ia 45000010005000000080041000050820031000461000100000772450116001772600024002939010026003179990015003433159241024s9999 xx 000 0 und d aRD/371.716/R426r/2010-2011 aRepública Dominicana. Ministerio de Educación. Dirección General de Bienestar Estudiantil 0aPrograma de Alimentación Escolar. Relación de suplidores de sólidos y líquidos, año escolar 2010-2011 bSanto Domingoc2011 a2/9/2013 4:26:15 p.m. c8790d8790